Kỷ yếu 20 năm (1986 - 2006) văn học nghệ thuật Bình Dương
Gồm tập hợp các sáng tác, tác phẩm văn học - nghệ thuật của các tác giả trong tỉnh viết trong suốt chặng đường hoạt động ở các chuyên ngành văn học nghệ thuật nhằm kỷ niệm Hội Văn học nghệ thuật Tỉnh Bình Dương tròn 20 năm tuổi....
Gardado en:
| Autor Principal: | |
|---|---|
| Formato: | Libro |
| Idioma: | Undetermined |
| Publicado: |
Tp. Hồ Chí Minh.
Trẻ
2007
|
| Những chủ đề: | |
| Acceso en liña: | http://lrc.tdmu.edu.vn/opac/search/detail.asp?aID=2&ID=20164 |
| Các nhãn: |
Engadir etiqueta
Sen Etiquetas, Sexa o primeiro en etiquetar este rexistro!
|
| Thư viện lưu trữ: | Trung tâm Học liệu Trường Đại học Thủ Dầu Một |
|---|
| LEADER | 01223nam a2200205Ia 4500 | ||
|---|---|---|---|
| 001 | TDMU_20164 | ||
| 008 | 210410s9999 xx 000 0 und d | ||
| 082 | |a 895.9228008 | ||
| 090 | |b H452 | ||
| 100 | |a Hội Văn học nghệ thuật Bình Dương | ||
| 245 | 0 | |a Kỷ yếu 20 năm (1986 - 2006) văn học nghệ thuật Bình Dương | |
| 245 | 0 | |c Hội Văn học nghệ thuật Bình Dương | |
| 260 | |a Tp. Hồ Chí Minh. | ||
| 260 | |b Trẻ | ||
| 260 | |c 2007 | ||
| 300 | |a 899 tr. | ||
| 520 | |a Gồm tập hợp các sáng tác, tác phẩm văn học - nghệ thuật của các tác giả trong tỉnh viết trong suốt chặng đường hoạt động ở các chuyên ngành văn học nghệ thuật nhằm kỷ niệm Hội Văn học nghệ thuật Tỉnh Bình Dương tròn 20 năm tuổi. | ||
| 650 | |a Bình Dương |x Văn học nghệ thuật |v Kỷ yếu |y (1986 - 2006); Văn học nghệ thuật |z Bình Dương |v Kỷ yếu |y (1986 - 2006) | ||
| 856 | |u http://lrc.tdmu.edu.vn/opac/search/detail.asp?aID=2&ID=20164 | ||
| 980 | |a Trung tâm Học liệu Trường Đại học Thủ Dầu Một | ||